[Event "Open Vysočina 2017"]
[Site "Třebíč"]
[Date "2017.09.23"]
[Round "1"]
[White "Plischki, Sebastian"]
[Black "Spanton, Tim R"]
[Result "0-1"]
[WhiteElo "2397"]
[BlackElo "1858"]
[PlyCount "91"]
[EventDate "2017.09.23"]

1. c4 c5 2. Nc3 Nc6 3. Nf3 Nf6 4. g3 g6 5. Bg2 Bg7 6. d4 cxd4 7. Nxd4 O-O 8.
O-O a6 9. c5 d5 10. cxd6 Qxd6 11. Nxc6 bxc6 12. Qxd6 exd6 13. Bxc6 Rb8 14. Rd1
Rd8 15. Bg2 Be6 16. Rb1 d5 17. Bf4 Rb4 18. b3 d4 19. Be5 Nd5 20. Nxd5 Bxd5 21.
Bxg7 Kxg7 22. Bxd5 Rxd5 23. Rd3 Ra5 24. Rb2 Ra3 25. Kf1 a5 26. Ke1 a4 27. bxa4
Rbxa4 28. Rxa3 Rxa3 29. Kd2 Kf6 30. Kc2 Ke5 31. Kb1 h5 32. h4 Kf6 33. Rb6+ Ke5
34. Kb2 Ra5 35. Kb3 Ke4 36. Rf6 Rb5+ 37. Kc4 Ra5 38. Rxf7 Rxa2 39. Re7+ Kf5 40.
Kxd4 Rd2+ 41. Ke3 Ra2 42. Kf3 Ra3+ 43. Re3 Ra4 44. Rb3 Ra5 45. e4+ Kf6 46. Kf4
0-1

[Event "Open Vysočina 2017"]
[Site "Třebíč"]
[Date "2017.09.23"]
[Round "1"]
[White "Aird, Ian"]
[Black "Certek, Pavel"]
[Result "0-1"]
[WhiteElo "1809"]
[BlackElo "2277"]
[PlyCount "84"]
[EventDate "2017.09.23"]

1. c4 Nf6 2. Nc3 d5 3. cxd5 Nxd5 4. g3 g6 5. Bg2 Nb6 6. Nf3 Bg7 7. O-O Nc6 8.
d3 O-O 9. Bg5 h6 10. Be3 e5 11. Qd2 Kh7 12. Rfd1 Re8 13. d4 Nc4 14. Qc1 Nxe3
15. fxe3 e4 16. Ne5 Nxe5 17. dxe5 Qg5 18. Nd5 Rxe5 19. Qd2 Bg4 20. Nf4 Rae8 21.
Rac1 c6 22. h3 Bc8 23. Kh2 Qe7 24. Rc4 Qc7 25. Qc2 Bf5 26. b4 Qb6 27. Qd2 R5e7
28. Qc1 Be5 29. Kh1 h5 30. a3 a6 31. Rc5 Qc7 32. a4 Rd8 33. b5 Rxd1+ 34. Qxd1
axb5 35. axb5 Qb6 36. Qc2 Bd6 37. Rxf5 gxf5 38. bxc6 Bxf4 39. gxf4 Qxc6 40. Qb3
b6 41. Qa3 Re8 42. Qa7 Qg6 0-1

[Event "Open Vysočina 2017"]
[Site "Třebíč"]
[Date "2017.09.23"]
[Round "1"]
[White "Bick, Gabriel J"]
[Black "Oburka, Vladislav"]
[Result "1-0"]
[WhiteElo "2264"]
[BlackElo "1808"]
[PlyCount "64"]
[EventDate "2017.09.23"]

1. e4 e5 2. Nf3 Nc6 3. Bc4 Bc5 4. O-O Nf6 5. d3 O-O 6. h3 h6 7. Re1 d6 8. c3
Be6 9. Bxe6 fxe6 10. b4 Bb6 11. a4 a6 12. Be3 Bxe3 13. Rxe3 Qe8 14. Nbd2 Nh5
15. b5 Nd8 16. b6 cxb6 17. Qb3 Rc8 18. Nc4 Qc6 19. Rb1 Nf6 20. Nxb6 Rc7 21. d4
exd4 22. Nxd4 Qe8 23. e5 dxe5 24. Rxe5 Kh8 25. Rbe1 Qf7 26. R1e2 Re8 27. R2e3
Nc6 28. Rxe6 Rxe6 29. Qxe6 Qxe6 30. Nxe6 Re7 31. c4 Nd8 32. Nxd8 Rxe3 1-0

[Event "Open Vysočina 2017"]
[Site "Třebíč"]
[Date "2017.09.23"]
[Round "1"]
[White "Dhruv, Easwar"]
[Black "Pribyl, Josef"]
[Result "0-1"]
[WhiteElo "1781"]
[BlackElo "2263"]
[PlyCount "66"]
[EventDate "2017.09.23"]

1. e4 c6 2. d4 d5 3. Nc3 g6 4. Nf3 Bg7 5. exd5 cxd5 6. Bf4 a6 7. Be2 Nc6 8. O-O
Nh6 9. Bd3 O-O 10. Qd2 Nf5 11. Bxf5 Bxf5 12. Bh6 Qd6 13. Rfe1 Rad8 14. Bxg7
Kxg7 15. Ne5 Rfe8 16. Rac1 f6 17. Nxc6 Qxc6 18. f4 b5 19. a3 a5 20. Re3 Rb8 21.
Rce1 Rb7 22. R1e2 h5 23. Qe1 Kf7 24. h3 b4 25. Nb1 Bxc2 26. Nd2 Qd6 27. Qh4 Bf5
28. Rf3 bxa3 29. bxa3 Rh8 30. Nf1 Rb1 31. g4 Be4 32. Rff2 Qxa3 33. f5 g5 0-1

[Event "Open Vysočina 2017"]
[Site "Třebíč"]
[Date "2017.09.23"]
[Round "1"]
[White "Piankov, Evgenij"]
[Black "Zacharias, Miroslav"]
[Result "1-0"]
[WhiteElo "2258"]
[BlackElo "1777"]
[PlyCount "71"]
[EventDate "2017.09.23"]

1. d4 d5 2. Bg5 c6 3. e3 Nd7 4. c4 dxc4 5. Nc3 Qa5 6. Nf3 b5 7. Be2 Ngf6 8. O-O
e6 9. a4 Qb6 10. Nd2 Bb7 11. Bf3 Rc8 12. a5 Qc7 13. Bf4 Bd6 14. Nxb5 cxb5 15.
Bxb7 Rb8 16. Bxd6 Qxd6 17. a6 O-O 18. Qc2 e5 19. Nf3 Rfe8 20. h3 Re7 21. b3 e4
22. Nd2 cxb3 23. Qxb3 Nb6 24. Qxb5 Nfd5 25. Nc4 Nxc4 26. Qxc4 Nf6 27. Rac1 g5
28. Qc5 Qxc5 29. Rxc5 h6 30. Rfc1 Kg7 31. Rc7 Rbe8 32. d5 Rxc7 33. Rxc7 Rd8 34.
Bc6 Nxd5 35. Rxa7 Nc3 36. Rd7 1-0

[Event "Open Vysočina 2017"]
[Site "Třebíč"]
[Date "2017.09.23"]
[Round "1"]
[White "Stork, Rostislav"]
[Black "Bartos, Jan"]
[Result "0-1"]
[WhiteElo "1764"]
[BlackElo "2209"]
[PlyCount "66"]
[EventDate "2017.09.23"]

1. e4 g6 2. Nf3 Bg7 3. g3 Nf6 4. d3 d5 5. Nbd2 O-O 6. Bg2 Nc6 7. O-O e5 8. Re1
Re8 9. c3 h6 10. Qe2 Be6 11. a3 a5 12. b3 d4 13. c4 Nd7 14. Rb1 Nc5 15. Nf1 Rb8
16. Bd2 b5 17. b4 axb4 18. cxb5 Rxb5 19. Rec1 b3 20. a4 Nxa4 21. Rxc6 Qd7 22.
Rxe6 Qxe6 23. Qe1 b2 24. h3 Qb3 25. Qe2 Nc3 26. Bxc3 dxc3 27. Ne3 Ra8 28. Nc2
Rba5 29. Qd1 Ra1 30. Nfe1 Qa2 31. Nxa1 bxa1=Q 32. Rxa1 Qxa1 33. Qxa1 Rxa1 0-1

[Event "Open Vysočina 2017"]
[Site "Třebíč"]
[Date "2017.09.23"]
[Round "1"]
[White "Walek, Petr"]
[Black "Svoboda, Frantisek"]
[Result "1-0"]
[WhiteElo "2167"]
[BlackElo "1725"]
[PlyCount "43"]
[EventDate "2017.09.23"]

1. e4 {[%emt 0:00:00]} Nc6 2. Nf3 Nf6 3. e5 Ng4 4. d4 d6 5. h3 Nh6 6. e6 fxe6
7. Bf4 g6 8. Qd2 Nf7 9. Be3 Bg7 10. Nc3 a6 11. h4 e5 12. d5 e4 13. Nxe4 Nce5
14. Nfg5 Nxg5 15. hxg5 O-O 16. O-O-O b5 17. Bd4 Bb7 18. f4 Nc4 19. Bxc4 Bxd4
20. Qxd4 e5 21. dxe6 Qe7 22. Nf6+ 1-0

[Event "Open Vysočina 2017"]
[Site "Třebíč"]
[Date "2017.09.23"]
[Round "1"]
[White "Michalek, Miroslav"]
[Black "Tesar, Jan"]
[Result "0-1"]
[WhiteElo "1720"]
[BlackElo "2118"]
[PlyCount "68"]
[EventDate "2017.09.23"]

1. d4 {[%emt 0:00:00]} d5 2. Bf4 Nc6 3. e3 Nf6 4. Nf3 Bg4 5. h3 Bh5 6. Nbd2 e6
7. Be2 Bd6 8. Bxd6 Qxd6 9. c3 O-O 10. O-O h6 11. Qc2 e5 12. dxe5 Nxe5 13. Nd4
Bg6 14. Qb3 a6 15. c4 c5 16. N4f3 d4 17. exd4 cxd4 18. Nxe5 Qxe5 19. Bd3 Nh5
20. Nf3 Qc5 21. Rfe1 Nf4 22. Bxg6 fxg6 23. Re5 Qc6 24. Rd1 d3 25. Ne1 Rad8 26.
Rd2 Kh7 27. Re3 Rf5 28. Nf3 Nxh3+ 29. gxh3 Rxf3 30. Rdxd3 Rxd3 31. Qxd3 Rxe3
32. fxe3 Qf3 33. Kh2 Qf2+ 34. Kh1 Qxb2 0-1

[Event "Open Vysočina 2017"]
[Site "Třebíč"]
[Date "2017.09.23"]
[Round "1"]
[White "Leutwyler, Mathias"]
[Black "Navratilova, Alena"]
[Result "1-0"]
[WhiteElo "2103"]
[BlackElo "1692"]
[PlyCount "101"]
[EventDate "2017.09.23"]

1. d4 {[%emt 0:00:00]} d5 2. Bf4 Nf6 3. e3 g6 4. Be2 Bg7 5. Nc3 a6 6. h4 h5 7.
Nf3 Bg4 8. Ne5 Bxe2 9. Nxe2 Nbd7 10. O-O O-O 11. f3 Nh7 12. Nd3 Re8 13. Bg3 e5
14. c3 exd4 15. exd4 c6 16. Bf2 Nhf8 17. Re1 Ne6 18. Qb3 Qb6 19. Nef4 Qxb3 20.
axb3 Nxf4 21. Nxf4 Nf6 22. Nd3 Nd7 23. Bg3 Bf6 24. Kh2 Rxe1 25. Rxe1 Nf8 26.
Kh3 Ne6 27. b4 b6 28. Be5 Be7 29. g4 hxg4+ 30. fxg4 Bf8 31. h5 gxh5 32. gxh5
Bh6 33. Rg1+ Kh7 34. Rf1 Kg8 35. Kg3 Re8 36. Ra1 Ra8 37. Bf6 Kh7 38. Ne5 Rg8+
39. Kf3 Ng5+ 40. Bxg5 Rxg5 41. Rxa6 Rxh5 42. Rxb6 Bc1 43. Rxc6 Bxb2 44. Kg4 Rh1
45. Nxf7 Rg1+ 46. Kf5 Rf1+ 47. Ke6 Kg7 48. Ne5 Rf6+ 49. Kxd5 Rxc6 50. Nxc6 Bxc3
51. b5 1-0

[Event "Open Vysočina 2017"]
[Site "Třebíč"]
[Date "2017.09.23"]
[Round "1"]
[White "Zeleny, Tomas"]
[Black "Vincze, Roman"]
[Result "0-1"]
[WhiteElo "1688"]
[BlackElo "2099"]
[PlyCount "94"]
[EventDate "2017.09.23"]

1. d4 {[%emt 0:00:00]} d5 2. Bf4 Bf5 3. e3 e6 4. Nf3 c6 5. c4 Qb6 6. Qb3 dxc4
7. Bxc4 Nd7 8. O-O Ngf6 9. Nc3 Qxb3 10. Bxb3 h6 11. h3 Be7 12. Rfe1 Ne4 13.
Nxe4 Bxe4 14. Nd2 Bg6 15. Nc4 Nb6 16. Nd6+ Bxd6 17. Bxd6 Kd7 18. Bg3 Rhc8 19.
Rac1 a5 20. a4 Nd5 21. Bxd5 cxd5 22. f3 Bc2 23. Ra1 Rc4 24. Rec1 Rac8 25. Ra3
b6 26. Be1 Bxa4 27. Rxc4 Rxc4 28. Rc3 Rxc3 29. Bxc3 Kc6 30. Kf2 Kb5 31. Ke2 Kc4
32. Kd2 Kb3 33. Kc1 Bb5 34. g3 Bd3 35. Bd2 a4 36. Be1 b5 37. Ba5 b4 38. h4 a3
39. bxa3 bxa3 40. Kd2 Be2 41. f4 Bg4 42. Bc3 Bf5 43. Ba5 Kb2 44. Bc3+ Kb1 45.
Kd1 a2 46. Kd2 h5 47. Kd1 a1=Q 0-1

[Event "Open Vysočina 2017"]
[Site "Třebíč"]
[Date "2017.09.23"]
[Round "1"]
[White "Lampir, Tomas"]
[Black "Privoznik, Lubos"]
[Result "1-0"]
[WhiteElo "2077"]
[BlackElo "1658"]
[PlyCount "83"]
[EventDate "2017.09.23"]

1. e4 e6 2. d4 d5 3. Nd2 dxe4 4. Nxe4 Nd7 5. Nf3 Ngf6 6. Ng3 c5 7. Be2 cxd4 8.
Nxd4 Bc5 9. O-O O-O 10. Nb3 Bb6 11. Re1 Qc7 12. a4 a6 13. c3 Rd8 14. Qc2 h6 15.
Bf3 Ne5 16. Be2 Bd7 17. Bf4 Bxf2+ 18. Kxf2 Neg4+ 19. Bxg4 Nxg4+ 20. Kg1 Qxf4
21. Re4 Qg5 22. Nd4 Bc6 23. Nxc6 bxc6 24. Qe2 Qc5+ 25. Kf1 Nxh2+ 26. Ke1 Qg1+
27. Nf1 Nxf1 28. Qxf1 Qxf1+ 29. Kxf1 Rd2 30. b4 Rad8 31. Rc4 Rd1+ 32. Rxd1
Rxd1+ 33. Kf2 Rd6 34. Rc5 Kf8 35. Ra5 Rd3 36. Rc5 Rd6 37. Ke3 Ke7 38. Ra5 Kd7
39. Rxa6 Kc8 40. b5 Kb7 41. c4 Rd7 42. bxc6+ 1-0

[Event "Open Vysočina 2017"]
[Site "Třebíč"]
[Date "2017.09.23"]
[Round "1"]
[White "Norlander, Svante"]
[Black "Siebenburger, Vlastimil"]
[Result "0-1"]
[WhiteElo "1583"]
[BlackElo "2059"]
[PlyCount "68"]
[EventDate "2017.09.23"]

1. d4 {[%emt 0:00:00]} d5 {[%emt 0:00:00]} 2. c4 c6 3. Nc3 Nf6 4. Bg5 dxc4 5.
Bxf6 exf6 6. a4 Bb4 7. e3 Be6 8. Qc2 f5 9. Nf3 Nd7 10. Be2 O-O 11. Nd2 Qg5 12.
Nxc4 Qxg2 13. Rf1 Nb6 14. Ne5 Nd5 15. Rc1 Rad8 16. Bf3 Qh3 17. Rg1 Qh6 18. Bxd5
cxd5 19. Nd3 Qxh2 20. Kf1 Bd6 21. Qe2 f4 22. Qf3 Qh3+ 23. Qxh3 Bxh3+ 24. Ke2
fxe3 25. fxe3 Bb8 26. Nc5 Bc8 27. Rg5 b6 28. Nxd5 bxc5 29. Nf6+ Kh8 30. Nxh7
Kxh7 31. Rh1+ Kg8 32. d5 f6 33. Rg6 Rxd5 34. Rg2 Rfd8 0-1

[Event "Open Vysočina 2017"]
[Site "Třebíč"]
[Date "2017.09.23"]
[Round "1"]
[White "Heppell, Ian N"]
[Black "Divis, Jan"]
[Result "1-0"]
[WhiteElo "2034"]
[BlackElo "1570"]
[PlyCount "29"]
[EventDate "2017.09.23"]

1. e4 {[%emt 0:00:00]} d5 2. exd5 Qxd5 3. Nc3 Qa5 4. d4 Nf6 5. Nf3 c6 6. Bc4
Bg4 7. h3 Bxf3 8. Qxf3 e6 9. O-O Nbd7 10. Re1 O-O-O 11. Bf4 Qb4 12. Bf1 h6 13.
a3 Qa5 14. b4 Qf5 15. Qxc6+ 1-0

[Event "Open Vysočina 2017"]
[Site "Třebíč"]
[Date "2017.09.23"]
[Round "1"]
[White "Palla, Ivan"]
[Black "Navratil-Sen., Jiri"]
[Result "0-1"]
[WhiteElo "1550"]
[BlackElo "2013"]
[PlyCount "40"]
[EventDate "2017.09.23"]

1. Nf3 {[%emt 0:00:00]} d5 {[%emt 0:00:00]} 2. c4 {[%emt 0:00:24]} e6 {[%emt 0:
00:24]} 3. cxd5 {[%emt 0:00:00]} exd5 {[%emt 0:00:08]} 4. g3 {[%emt 0:00:03]}
Nf6 {[%emt 0:00:08]} 5. Bg2 {[%emt 0:00:05]} c6 {[%emt 0:00:00]} 6. O-O {[%emt
0:00:16]} Bd6 {[%emt 0:00:08]} 7. d3 {[%emt 0:00:00]} O-O {[%emt 0:00:21]} 8.
Bg5 {[%emt 0:00:09]} h6 {[%emt 0:00:10]} 9. Bxf6 {[%emt 0:00:05]} Qxf6 {[%emt
0:00:05]} 10. Qc2 {[%emt 0:00:03]} Bg4 {[%emt 0:00:00]} 11. Qc3 {[%emt 0:00:00]
} Qe7 {[%emt 0:00:00]} 12. e3 {[%emt 0:00:00]} Nd7 {[%emt 0:00:23]} 13. Nbd2 {
[%emt 0:00:05]} Nf6 {[%emt 0:00:00]} 14. a3 {[%emt 0:00:11]} Rfe8 {[%emt 0:00:
03]} 15. Nd4 {[%emt 0:00:00]} Be5 {[%emt 0:00:00]} 16. Nxc6 {[%emt 0:00:00]}
bxc6 {[%emt 0:00:24]} 17. Qxc6 {[%emt 0:00:01]} Rec8 {[%emt 0:00:07]} 18. Qa4 {
[%emt 0:00:08]} Bxb2 {[%emt 0:00:00]} 19. Rab1 {[%emt 0:00:00]} Qxa3 {[%emt 0:
00:08]} 20. Nc4 {[%emt 0:00:05]} Qxa4 {[%emt 0:00:04]} 0-1

[Event "Open Vysočina 2017"]
[Site "Třebíč"]
[Date "2017.09.23"]
[Round "1"]
[White "Freeland, Alex"]
[Black "Tarimo, Didik Widiarso"]
[Result "0-1"]
[WhiteElo "1988"]
[BlackElo "1542"]
[PlyCount "116"]
[EventDate "2017.09.23"]

1. c4 e5 2. Nc3 Nc6 3. g3 f5 4. Bg2 Nf6 5. d3 Bb4 6. e4 fxe4 7. dxe4 Bxc3+ 8.
bxc3 d6 9. Rb1 b6 10. Ne2 O-O 11. f4 Kh8 12. Ba3 Qe7 13. O-O Na5 14. Qd3 Bb7
15. Rb5 c5 16. Nc1 Nc6 17. Rb2 Qe6 18. f5 Qe7 19. Bf3 Rad8 20. g4 Ba6 21. Nb3
Qf7 22. Be2 d5 23. exd5 Nxd5 24. Qf3 Nde7 25. Qe4 Rd7 26. Rd2 Rfd8 27. Rfd1
Rxd2 28. Rxd2 Rxd2 29. Nxd2 g6 30. Bd3 gxf5 31. gxf5 Bc8 32. f6 Bf5 33. Qf3
Qxf6 34. Kf2 Qh4+ 35. Kg2 Bxd3 36. Qxd3 Qg4+ 37. Kf2 Nf5 38. Nf3 Qf4 39. Qd2
Qxd2+ 40. Nxd2 Kg7 41. Kf3 Nd6 42. Bc1 Kf7 43. Ne4 Nxe4 44. Kxe4 Ke6 45. Bg5
Na5 46. Bd8 Nxc4 47. Bc7 b5 48. Bb8 a5 49. Bc7 b4 50. cxb4 cxb4 51. Bd8 a4 52.
Kd3 Kd5 53. Be7 b3 54. axb3 axb3 55. Bf6 e4+ 56. Kc3 b2 57. Kc2 e3 58. Bxb2
Nxb2 0-1

[Event "Open Vysočina 2017"]
[Site "Třebíč"]
[Date "2017.09.23"]
[Round "1"]
[White "Reimer, Karl"]
[Black "Haag, Guenter"]
[Result "0-1"]
[WhiteElo "1537"]
[BlackElo "1978"]
[PlyCount "54"]
[EventDate "2017.09.23"]

1. e3 {[%emt 0:00:00]} g6 2. Nf3 Bg7 3. c3 d5 4. d4 Nd7 5. Nbd2 c6 6. Be2 f5 7.
O-O Nh6 8. Qb3 Nf7 9. c4 e6 10. cxd5 exd5 11. Ne1 O-O 12. Nd3 Re8 13. Nf3 Qb6
14. Nd2 Bxd4 15. Nf4 Qxb3 16. Nxb3 Be5 17. Nd3 Nd6 18. Nd2 Bf6 19. Nb4 a5 20.
Nc2 Nc5 21. f3 Kg7 22. Rb1 f4 23. Nb3 Nxb3 24. axb3 Bf5 25. Bd1 fxe3 26. Re1 e2
27. Rxe2 Rxe2 0-1

[Event "Open Vysočina 2017"]
[Site "Třebíč"]
[Date "2017.09.23"]
[Round "1"]
[White "Svizensky, Lubos"]
[Black "Ruzicka, Vaclav"]
[Result "1-0"]
[WhiteElo "1976"]
[BlackElo "1528"]
[PlyCount "99"]
[EventDate "2017.09.23"]

1. d4 {[%emt 0:00:00]} Nf6 2. c4 d6 3. Nc3 Nbd7 4. e4 e5 5. Nf3 Be7 6. Be2 O-O
7. O-O Re8 8. h3 h6 9. d5 Nc5 10. Qc2 a5 11. Be3 Bf8 12. b3 Bd7 13. a3 Na6 14.
Rab1 c5 15. Nb5 b6 16. Kh2 Nc7 17. Nc3 Nh7 18. g4 g5 19. Qd2 f6 20. b4 axb4 21.
axb4 Na6 22. b5 Nb4 23. Ra1 Qc7 24. Na2 Nxa2 25. Rxa2 Qb7 26. Rfa1 Rxa2 27.
Qxa2 Be7 28. Kg3 Kg7 29. Ne1 Bd8 30. f3 Rh8 31. Nd3 Nf8 32. Qa6 Qb8 33. Nb2 Kg6
34. Qa8 Qxa8 35. Rxa8 Nh7 36. Na4 Re8 37. Rb8 Nf8 38. Nxb6 Bxb6 39. Rxb6 Kf7
40. Rxd6 Rb8 41. Bxc5 Bc8 42. Rb6 Rxb6 43. Bxb6 Ke8 44. Ba7 Nd7 45. c5 Kd8 46.
c6 Nf8 47. Bb6+ Ke7 48. Bc5+ Ke8 49. Bxf8 Kxf8 50. b6 1-0

[Event "Open Vysočina 2017"]
[Site "Třebíč"]
[Date "2017.09.23"]
[Round "1"]
[White "Rychtecky, Pavel"]
[Black "Brasoy, Aksel"]
[Result "0-1"]
[WhiteElo "1527"]
[BlackElo "1964"]
[PlyCount "156"]
[EventDate "2017.09.23"]

1. e4 c5 2. Nf3 e6 3. d4 cxd4 4. Nxd4 Nf6 5. Bd3 Nc6 6. Nf3 Be7 7. O-O d6 8. a3
O-O 9. c4 b6 10. Nc3 Bb7 11. Qe2 a6 12. h3 Nd7 13. Be3 Nce5 14. Nxe5 Nxe5 15.
f4 Nxd3 16. Qxd3 Qc7 17. Bd4 e5 18. Be3 exf4 19. Bxf4 Rac8 20. Nd5 Bxd5 21.
cxd5 Qc4 22. Qg3 Rfd8 23. Rac1 Qd4+ 24. Kh1 Rxc1 25. Rxc1 Qxb2 26. Rc6 Qb1+ 27.
Kh2 Qxe4 28. Rxb6 Qxd5 29. Rxa6 Qb7 30. Ra4 Bf8 31. Rd4 d5 32. Be5 Qc6 33. Rd3
f6 34. Bf4 Bd6 35. Qf3 Bxf4+ 36. Qxf4 Qd6 37. Kg3 Qxf4+ 38. Kxf4 Kf7 39. Rb3
Rd7 40. g4 Ra7 41. Rd3 Ra4+ 42. Kf3 Ke6 43. Re3+ Kd6 44. h4 d4 45. Rd3 Ke5 46.
h5 h6 47. Rb3 Ra5 48. Rb7 Rxa3+ 49. Ke2 Kf4 50. Rxg7 Rg3 51. Rd7 d3+ 52. Kd2
Rxg4 53. Rxd3 Rh4 54. Rd5 f5 55. Ke2 Rxh5 56. Kf2 Rh2+ 57. Kg1 Ra2 58. Rd6 Kg5
59. Rd8 h5 60. Rg8+ Kf4 61. Rh8 Kg4 62. Rg8+ Kf3 63. Rg5 f4 64. Rxh5 Ra1+ 65.
Kh2 Kf2 66. Rb5 Ra2 67. Kh3 f3 68. Rb3 Re2 69. Kh2 Kf1+ 70. Kg3 f2 71. Rb1+ Re1
72. Rb2 Re3+ 73. Kf4 Ra3 74. Rb7 Ke2 75. Rb2+ Kf1 76. Rb7 Kg2 77. Rg7+ Kh2 78.
Rh7+ Rh3 0-1

[Event "Open Vysočina 2017"]
[Site "Třebíč"]
[Date "2017.09.23"]
[Round "1"]
[White "Svoboda, Ivo"]
[Black "Sebek, Pavel"]
[Result "1-0"]
[WhiteElo "1949"]
[BlackElo "1487"]
[PlyCount "87"]
[EventDate "2017.09.23"]

1. e4 {[%emt 0:00:00]} c5 {[%emt 0:00:00]} 2. Nf3 Nc6 3. Bb5 d6 4. d4 Qa5+ 5.
Nc3 cxd4 6. Nxd4 Qc7 7. O-O e6 8. Re1 a6 9. Ba4 Bd7 10. Be3 g6 11. Qd2 Nf6 12.
Rad1 Bg7 13. Nxc6 Bxc6 14. Bxc6+ bxc6 15. Qxd6 Qxd6 16. Rxd6 Rc8 17. Red1 O-O
18. f3 Ne8 19. Rd8 Nc7 20. Rxf8+ Kxf8 21. Na4 Ke8 22. b3 Rd8 23. Rxd8+ Kxd8 24.
Nc5 Bc3 25. Kf1 Ke7 26. Ke2 a5 27. Na4 Bb4 28. Kd3 Bd6 29. h3 Na6 30. c3 Kd7
31. Kc4 Kc8 32. Bb6 Bc7 33. Bxc7 Kxc7 34. Nc5 Nb8 35. a4 Kc8 36. Kd4 Kd8 37.
Nb7+ Ke7 38. Nxa5 f6 39. f4 Kd7 40. Nb7 Na6 41. Nc5+ Nxc5 42. Kxc5 f5 43. exf5
gxf5 44. a5 1-0

[Event "Open Vysočina 2017"]
[Site "Třebíč"]
[Date "2017.09.23"]
[Round "1"]
[White "Zeleny, Ondrej"]
[Black "Mezlik, Stanislav"]
[Result "0-1"]
[WhiteElo "1356"]
[BlackElo "1903"]
[PlyCount "70"]
[EventDate "2017.09.23"]

1. Nf3 d5 2. d4 Nf6 3. Bf4 e6 4. e3 Bd6 5. Bg3 O-O 6. c4 c5 7. Nc3 a6 8. Bh4
Be7 9. dxc5 Qa5 10. Bd3 dxc4 11. Bxc4 Nc6 12. O-O Qxc5 13. Qe2 b5 14. Bd3 Bb7
15. Rac1 Qb6 16. a3 Rfd8 17. Qc2 h6 18. Rfd1 Rac8 19. Rd2 Na5 20. b4 Nc4 21.
Bxc4 Rxc4 22. Nd4 Rdc8 23. Qb2 g6 24. Bg3 Ne4 25. Rdc2 Nxg3 26. hxg3 e5 27. Nf3
Bxf3 28. gxf3 Qc6 29. e4 Bg5 30. f4 exf4 31. gxf4 Bf6 32. e5 Bh4 33. Kf1 Qf3
34. Nd1 Qd3+ 35. Ke1 Rxc2 0-1

[Event "Open Vysočina 2017"]
[Site "Třebíč"]
[Date "2017.09.23"]
[Round "1"]
[White "Pavlis, Jaromir"]
[Black "Micka, Josef"]
[Result "1-0"]
[WhiteElo "1879"]
[BlackElo "1345"]
[PlyCount "111"]
[EventDate "2017.09.23"]

1. Nf3 d6 2. g3 g6 3. d4 Nf6 4. Bg2 Bg7 5. O-O O-O 6. c3 c6 7. Nbd2 Nbd7 8. Re1
Re8 9. e4 e5 10. dxe5 Nxe5 11. Nxe5 dxe5 12. Nc4 Bg4 13. Qxd8 Raxd8 14. Bg5 h6
15. Be3 b6 16. f3 b5 17. fxg4 bxc4 18. Bxa7 Nxg4 19. h3 Rd7 20. Bc5 Nf6 21.
Rad1 Red8 22. Rxd7 Rxd7 23. Kf2 h5 24. Be3 Kh7 25. Ke2 Bh6 26. Bxh6 Kxh6 27.
Rd1 Kg5 28. Rxd7 Nxd7 29. a4 Nc5 30. a5 h4 31. gxh4+ Kxh4 32. Ke3 Kg3 33. Bf1
f5 34. exf5 gxf5 35. Bxc4 f4+ 36. Ke2 e4 37. a6 f3+ 38. Ke3 f2 39. a7 Nd3 40.
a8=Q f1=Q 41. Qg8+ Kh2 42. Kxe4 Nc5+ 43. Ke5 Qe1+ 44. Kd6 Na4 45. Kxc6 Nxb2 46.
Qb8+ Kg1 47. Qxb2 Qe8+ 48. Kc5 Qc8+ 49. Kd4 Qh8+ 50. Kd3 Qxh3+ 51. Kc2 Qf5+ 52.
Bd3 Qf2+ 53. Kb1 Qc5 54. Be4 Qf2 55. Qxf2+ Kxf2 56. c4 1-0

[Event "Open Vysočina 2017"]
[Site "Třebíč"]
[Date "2017.09.23"]
[Round "1"]
[White "Zelena, Irena"]
[Black "Kalveus, Jan"]
[Result "0-1"]
[WhiteElo "1164"]
[BlackElo "1867"]
[PlyCount "80"]
[EventDate "2017.09.23"]

1. c4 {[%emt 0:00:00]} Nf6 2. Nc3 b6 3. e4 e5 4. d3 Bb4 5. g3 Nc6 6. Nge2 d6 7.
Bg2 Bg4 8. O-O Bxc3 9. bxc3 Qd7 10. f4 h5 11. f5 h4 12. Qe1 hxg3 13. Nxg3 O-O-O
14. Be3 Rh7 15. Bf3 Rdh8 16. Qe2 Rxh2 17. Rf2 Rxf2 18. Qxf2 Na5 19. Kf1 Qa4 20.
Kg2 Bh3+ 21. Kh2 Bf1+ 22. Nh5 Bxd3 23. Bd1 Qxc4 24. Kg1 Nxh5 25. Qh2 Qxe4 26.
Bf2 Be2 27. Qh3 Bxd1 28. f6+ Qg4+ 29. Qxg4+ Bxg4 30. fxg7 Nxg7 31. Re1 Bf3 32.
Bg3 Rh1+ 33. Kf2 Rxe1 34. Kxe1 Nf5 35. Kf2 Nxg3 36. Kxf3 Nf5 37. a3 Nc4 38. Ke4
Ne7 39. a4 Nb2 40. a5 bxa5 0-1

[Event "Open Vysočina 2017"]
[Site "Třebíč"]
[Date "2017.09.24"]
[Round "2"]
[White "Siebenburger, Vlastimil"]
[Black "Plischki, Sebastian"]
[Result "1/2-1/2"]
[WhiteElo "2059"]
[BlackElo "2397"]
[PlyCount "47"]
[EventDate "2017.09.23"]

1. d4 Nf6 2. c4 c5 3. e3 g6 4. Nf3 Bg7 5. Nc3 O-O 6. Be2 cxd4 7. exd4 d5 8. O-O
Nc6 9. Be3 b6 10. Qd2 Bb7 11. cxd5 Nxd5 12. Bh6 Rc8 13. Rac1 e6 14. Rfd1 Nce7
15. Bxg7 Kxg7 16. Ne5 Nf5 17. Bf3 Qd6 18. Nb5 Qe7 19. Nxa7 Rxc1 20. Rxc1 f6 21.
Bxd5 Bxd5 22. Nb5 Kg8 23. Ng4 Rf7 24. Nh6+ 1/2-1/2

[Event "Open Vysočina 2017"]
[Site "Třebíč"]
[Date "2017.09.24"]
[Round "2"]
[White "Certek, Pavel"]
[Black "Heppell, Ian N"]
[Result "1-0"]
[WhiteElo "2277"]
[BlackElo "2034"]
[PlyCount "111"]
[EventDate "2017.09.23"]

1. c4 e5 2. Nc3 Nc6 3. Nf3 f5 4. d4 e4 5. d5 exf3 6. dxc6 bxc6 7. gxf3 Nf6 8.
Qd4 d6 9. Rg1 g6 10. Bg5 Bg7 11. Qe3+ Kf7 12. Bh6 Re8 13. Qg5 Bh8 14. O-O-O Qe7
15. Qh4 Rb8 16. Bd2 Kg8 17. e3 Be6 18. Bd3 d5 19. Na4 Nd7 20. Qxe7 Rxe7 21.
cxd5 cxd5 22. Bc3 c5 23. Bxh8 Kxh8 24. Bc2 Rc8 25. Nc3 Nf6 26. Rd2 Rd7 27. Rgd1
Rcd8 28. Bb3 Bg8 29. Ne2 Kg7 30. h4 Kf8 31. Bc2 Ke7 32. Bb3 Bf7 33. Ba4 Rd6 34.
Bc2 Be8 35. Nf4 Bc6 36. Nd3 d4 37. Ne5 Bb7 38. f4 Ne4 39. Bxe4 Bxe4 40. b3 Ke8
41. Re1 dxe3 42. Rxd6 Rxd6 43. fxe3 Re6 44. Re2 Rd6 45. Rd2 Rxd2 46. Kxd2 Bd5
47. Kc3 Ke7 48. a3 Be6 49. Nd3 Kd6 50. b4 cxb4+ 51. Kxb4 Kc6 52. Ne5+ Kb7 53.
Kb5 a6+ 54. Kc5 Kc7 55. Nc6 Bd7 56. Nb4 1-0

[Event "Open Vysočina 2017"]
[Site "Třebíč"]
[Date "2017.09.24"]
[Round "2"]
[White "Navratil-Sen., Jiri"]
[Black "Bick, Gabriel J"]
[Result "0-1"]
[WhiteElo "2013"]
[BlackElo "2264"]
[PlyCount "68"]
[EventDate "2017.09.23"]

1. d4 {[%emt 0:00:00]} Nf6 2. Nf3 g6 3. Bf4 Bg7 4. c3 d6 5. Nbd2 Nh5 6. Bg3 Nd7
7. e4 e5 8. Bh4 Bf6 9. Bxf6 Qxf6 10. g3 O-O 11. Be2 Ng7 12. d5 Qe7 13. g4 f5
14. gxf5 gxf5 15. exf5 e4 16. Nd4 Qh4 17. Nf1 Ne5 18. Ng3 Bxf5 19. Qd2 Bg6 20.
Qe3 Rae8 21. O-O-O Nd3+ 22. Bxd3 exd3 23. Qd2 c5 24. dxc6 bxc6 25. Rde1 c5 26.
Rxe8 Rxe8 27. Nb5 Qc4 28. Na3 Qxa2 29. f4 Nf5 30. Nxf5 Bxf5 31. Rg1+ Kh8 32. c4
Qb3 33. Rg2 a6 34. Qa5 Qb4 0-1

[Event "Open Vysočina 2017"]
[Site "Třebíč"]
[Date "2017.09.24"]
[Round "2"]
[White "Pribyl, Josef"]
[Black "Haag, Guenter"]
[Result "1-0"]
[WhiteElo "2263"]
[BlackElo "1978"]
[PlyCount "101"]
[EventDate "2017.09.23"]

1. c4 {[%emt 0:00:00]} d6 2. d4 e5 3. Nf3 Bg4 4. dxe5 Bxf3 5. exf3 dxe5 6.
Qxd8+ Kxd8 7. Nc3 c6 8. f4 Nd7 9. fxe5 Nxe5 10. Bf4 Bd6 11. O-O-O Kc7 12. Bg3
f6 13. Ne4 Be7 14. Ng5 Nh6 15. Ne6+ Kb6 16. Nxg7 Rhg8 17. Ne6 Nf5 18. Be2 Bc5
19. Nxc5 Kxc5 20. b3 a5 21. Kb2 Rg7 22. Kc3 Re8 23. Rhe1 Rge7 24. Bh5 Ng6 25.
Rxe7 Rxe7 26. Bg4 Nxg3 27. hxg3 Ne5 28. Bf5 b5 29. cxb5 cxb5 30. Rh1 b4+ 31.
Kd2 Ng6 32. Rh5 Kd6 33. f4 Nf8 34. g4 Rg7 35. g3 Kc7 36. Ke3 Kd6 37. Kf3 Rc7
38. Rh6 Rc3+ 39. Kf2 Ke7 40. Bxh7 Nxh7 41. Rxh7+ Kf8 42. Ra7 Rc2+ 43. Kf3 Rxa2
44. Ke4 Ra3 45. Kf5 Rxb3 46. Rxa5 Rxg3 47. Rb5 b3 48. Kxf6 Kg8 49. g5 Rg4 50.
f5 Rg3 51. Rb8+ 1-0